Score 0/14 Timer 04:00
1 Play Today
C.S. Lewis Book Missing Word % Correct
The ____, the Witch, and the WardrobeLion
96.9%
______ CaspianPrince
87.5%
The Voyage of the ____ TreaderDawn
78.2%
The ____ BattleLast
66.5%
The Horse and His ___Boy
65.4%
The Silver _____Chair
62.6%
The _________ NephewMagician's
59.5%
C.S. Lewis Book Missing Word % Correct
The _________ LettersScrewtape
38.8%
Out of the ______ PlanetSilent
18.1%
The Great _______Divorce
17.9%
_________ by JoySurprised
17.8%
That Hideous ________Strength
16.1%
The Allegory of ____Love
15.2%
The _________ ImageDiscarded
5.8%

Today's Daily Dose

Remove Ads.
Support Sporcle.
Get the best of Sporcle when you Go Orange. This ad-free experience offers more features, more stats, and more fun while also helping to support Sporcle. Thank you for becoming a member.

You're not logged in!

Compare scores with friends on all Sporcle quizzes.
OR
Log In

Show Comments

Extras

Top Quizzes Today


Score Distribution

Your Account Isn't Verified!

In order to create a playlist on Sporcle, you need to verify the email address you used during registration. Go to your Sporcle Settings to finish the process.

Report this User

Report this user for behavior that violates our Community Guidelines.

Details: